| 000 | 00584nam a2200169 i 4500 | ||
|---|---|---|---|
| 001 | bg | ||
| 100 | 1 | _aDOBIERZEWSKA-MOZRZYMAS, Ewa | |
| 245 | 0 |
_aBadania procesu krystalizacji oraz niektórych własności fizycznych epitokjalnych warstw aluminium / _cEwa Dobierzewska-Morzymas. |
|
| 260 |
_aWrocław, _c1978. |
||
| 490 | 1 |
_aPrace Naukowe Instytutu Fizyki Politechniki Wrocławskiej ; _v13 |
|
| 830 | _aPrace Naukowe Instytutu Fizyki Politechniki Wrocławskiej ; | ||
| 040 | _cBPK | ||
| 041 | _apol | ||
| 080 | _a538.9 | ||
| 942 | _cKS | ||
| 008 | s pl f |000 0 pol | ||
| 999 |
_c17943 _d17943 |
||
| 856 |
_uhttp://koha.tu.koszalin.pl/cgi-bin/koha/opac-detail.pl?biblionumber=17943 _yKatalog online BPK |
||